Communicating globally : (Record no. 343508)

000 -LEADER
fixed length control field 03571 a2200229 4500
020 ## - INTERNATIONAL STANDARD BOOK NUMBER
International Standard Book Number 0844225223
020 ## - INTERNATIONAL STANDARD BOOK NUMBER
International Standard Book Number 9780844225227
082 04 - DEWEY DECIMAL CLASSIFICATION NUMBER
Classification number 658.848
090 ## - LOCALLY ASSIGNED LC-TYPE CALL NUMBER (OCLC); LOCAL CALL NUMBER (RLIN)
-- 970
-- 970
100 1# - MAIN ENTRY--PERSONAL NAME
Personal name Schultz, Don E.
245 10 - TITLE STATEMENT
Title Communicating globally :
Remainder of title an integrated marketing approach /
Statement of responsibility, etc. Don E Schultz.
250 ## - EDITION STATEMENT
Edition statement 1st ed.
260 ## - PUBLICATION, DISTRIBUTION, ETC.
Place of publication, distribution, etc. [S.l.] :
Name of publisher, distributor, etc. McGraw-Hill,
Date of publication, distribution, etc. 2000.
300 ## - PHYSICAL DESCRIPTION
Extent 280 p. ;
Dimensions 24 cm.
500 ## - GENERAL NOTE
General note Illustrated.
500 ## - GENERAL NOTE
General note Hardcover.
520 ## - SUMMARY, ETC.
Summary, etc. How can a company effectively communicate its message to customers and prospects all over the world? How can it ensure that its branding messages "travel"? Designed to help executives position and leverage marketing communication in the global arena and use it to their ongoing strategic advantage, Communicating Globally shows how to successfully strategize, select appropriate communication tactics, and then execute a global communication plan that encompasses all sources of communication, both internal and external. Based on the strong theoretical foundations of integrated marketing communication (IMC), Communicating Globally offers a practitioner's perspective on integrated global marketing communication (IGMC) in action through vignettes, four complete case studies of well-recognized multinational brands, and one study case. Praise for Communicating Globally "In the 21st century, the ability of ad agencies to provide worldwide, integrated marketing services for their clients will become essential. Only those marketers and agencies with the ability to brand products and services globally will thrive. Communicating Globally provides a roadmap on how to do it right." O. Butch Drake, president-CEO, American Association of Advertising Agencies "No one can provide a guaranteed formula for future success, but Communicating Globally comes awfully close. By combining an astute knowledge of the global marketplace, emerging trends and technologies, and good old common sense, Don Schultz and Philip Kitchen illuminate the path for successful brand building in the 21st century." Ed Faruolo, vice president, corporate marketing communications, CIGNA Corporation "Don Schultz has done it again! His unique and highly readable approach is a must for companies looking to market globally in the new century. Communicating Globally offers an important road map through the maze of global marketing communications." James R. Gregory, CEO, Corporate Branding, LLC "This book is important because it brings the concept of integrated marketing communications (IMC) into full international focus for the first time. This focus is maintained throughout the whole structure and it makes the book a truly conceptual work. The case studies that illustrate the practical ramification of international IMC yield significant general as well as specific lessons." John Philip Jones, Syracuse University "The 1990's introduced integrated marketing--understanding and communicating relevantly with customers by using information. Communicating Globally now takes the same principles and adapts them to today's dynamic global marketplace. Even better, it is written in a style that makes it easy for a non-marketer to fully understand the importance of managing a brand." John R Wallis, vice president of marketing, Hyatt International Corporation.
700 1# - ADDED ENTRY--PERSONAL NAME
Personal name Kitchen, Philip J.
856 40 - ELECTRONIC LOCATION AND ACCESS
Materials specified Amazon.com
Uniform Resource Identifier <a href="http://www.amazon.com/exec/obidos/ASIN/0844225223/chopaconline-20">http://www.amazon.com/exec/obidos/ASIN/0844225223/chopaconline-20</a>
856 40 - ELECTRONIC LOCATION AND ACCESS
Materials specified Amazon customer reviews
Uniform Resource Identifier <a href="http://www.chopac.org/cgi-bin/tools/azrev.pl?q=0844225223">http://www.chopac.org/cgi-bin/tools/azrev.pl?q=0844225223</a>
942 ## - ADDED ENTRY ELEMENTS (KOHA)
Institution code [OBSOLETE] NBS
Koha item type Book
Call number prefix 658.848 SCH
Holdings
Withdrawn status Lost status Damaged status Not for loan Permanent Location Current Location Date acquired Total Checkouts Full call number Barcode Date last seen Price effective from Koha item type
        Central Library (CL) Central Library (CL) 08/28/2013   658.848 SCH NBS4721 08/28/2013 08/28/2013 Book
© 2023 Central Library, National University of Sciences and Technology. All Rights Reserved.